000 01189nas a2200265 a 4500
001 000037162
003 DO-SdBNP
005 20240906093729.0
008 110322c19709999dr tr1pdd a0 z0spa d
040 _aDO-SdBNP
_bspa
_cBNPHU
_erda
043 _anwdr
130 0 _aBoletín de la Sociedad Dominicana de Geografía (República Dominicana)
_963568
222 0 _aBoletín de la Sociedad Dominicana de Geografía
_b(Santo Domingo, República Dominicana)
245 0 0 _aBoletín de la Sociedad Dominicana de Geografía.
260 _aSanto Domingo, República Dominicana :
_bSociedad Dominicana de Geografía,
_c1970-.
300 _av.- :
_bil. ;
_c23 cm.
310 _aCuatrimestral
362 1 _aInicia con: Vol. 1 No. 1 (mayo-agosto 1970).
500 _aDescripción basada en: Vol. 1 No. 1 (mayo-agosto 1970).
650 2 4 _aGeografia
_zRepública Dominicana
_xHistoria
_vPUBLICACIONES PERIÓDICAS
_963569
651 4 _aRepública Dominicana
_xDescripciones Y Viajes
_vPUBLICACIONES PERIÓDICAS
_963570
651 4 _aRepública Dominicana
_xHistoria
_vPUBLICACIONES PERIÓDICAS
_953568
710 2 _aSociedad Dominicana de Geografía (República Dominicana)
_963571
942 _2ddc
_cISSUE
999 _c36652
_d36652